|
|
|
|
| LEADER |
00646nab a2200181 i 4500 |
| 001 |
misc10680 |
| 005 |
20191106142445.0 |
| 008 |
170607s1932 hu o 0|| hun d |
| 022 |
|
|
|a 0025-0260
|
| 040 |
|
|
|a SZTE Miscellanea Repozitórium
|b hun
|
| 041 |
|
|
|a hun
|
| 100 |
1 |
|
|a Bognár Cecil
|
| 245 |
1 |
3 |
|a Az osztályozás
|h [elektronikus dokumentum] /
|c Bognár Cecil
|
| 260 |
|
|
|c 1932
|
| 300 |
|
|
|a 57-75
|
| 490 |
0 |
|
|a Magyar pedagógia : a Magyar Tudományos Akadémia Pedagógiai Bizottságának folyóirata
|v 41
|
| 695 |
|
|
|a Pedagógiai értékelés, Osztályozás
|
| 856 |
4 |
0 |
|u http://misc.bibl.u-szeged.hu/10680/1/mp_1932_3316_057-075.pdf
|z Dokumentum-elérés
|